01998nam a2200265 4500001000800000007000300008008004100011040000800052041000800060100005100068245012700119300002000246520103500266650002001301650002001321650002601341650001501367700004701382700004601429700005101475700004301526773011501569942003101684999001701715ESSALUDta t2026 pe ||||| |||| 00| 0 spa d aBMG aspa aPhilipps Alvarez, Andrea Lucianaeautor952690 aEpidemiología de las leucemias en la población cubierta por el Fondo Intangible Solidario de Salud (FISSAL), 2022-2023 apáginas 25-31 aCaracterizar los diagnósticos de leucemia en la población cubierta por el Fondo Intangible Solidario de Salud (FISSAL) del Seguro Integral de Salud (SIS) en 2022-2023. Se realizó un estudio observacional y descriptivo, ejecutado con datos de fuente secundaria provenientes del FISSAL (SIS) del Perú que contiene registros de atenciones oncológicas del 2022 y 2023. Se analizaron 7 771 diagnósticos correspondientes a 5 443 pacientes; las leucemias agudas fueron las más prevalentes (65,1%) afectando principalmente a la población infantil, mientras que las leucemias crónicas mostraron un marcado predominio en la población adulta (80,6%). Se evidencian variaciones entre edad y región, además de una fuerte concentración de diagnósticos en la capital. Estos hallazgos resaltan la urgente necesidad de descentralizar la atención oncohematológica y mejorar la distribución equitativa de recursos para garantizar un diagnóstico oportuno y un tratamiento efectivo en todas las ciudades del país. aLEUCEMIA933873 aEPIDEMIOLOGÍA aSEGURO DE SALUD92768 aPERÚ913 aCarrasco Villa, Lady Maribeleautor952691 aZavala Alata, Sonia Nataliaeautor952692 aRolando Espinoza, Sophie Gwinetheautor952693 aMacciotta Casassa, Mateoeautor9526940 022497922595dLima : IETSIoCITES01tCiencia y Tecnología aplicada a la Salud PúblicawESSALUDx3119-7981 cARTICULOSe2026-06-11zAFC c22519d22519